00809 2200289 4500001002100000005001700021008004100038020002200079035002500101040001200126082001000138084001800148100001700166245010500183250001100288260003300299300002900332440002300361650001200384700001500396700001900411700002300430850001200453990001800465990001800483990001800501INLIS00000000001796920160229130458.0  a978-602-242-754-4 a0010-021600000001057 aYOPDYOG a398.2 aK 398.2 Eka A aEka Wardhana aAku sayang adikc/ Eka Wardhana ; ilustrator, M.Isnaeni ; editor, Dadan Ramadhan, Yulia Nurul Irawan aCet.1. aBandung:bDAR! Mizan,c2015. a20 hlm.:bilus.;c18 cm. aSeri cerita balita aDongeng aIsnaeni, M aDanan Ramadhan aYulia Nurul Irawan aYOPDYOG a27548-PD/B.15 a27549-PD/B.15 a27550-PD/B.15